000 00614nam a2200193 a 4500
001 000036298
005 20200930075643.0
008 120112s1985 cl 000 0 spa d
040 _aDO-SdBNP
_bspa
_cBNPHU
082 _axxxx
_bR621v
100 1 _aRivera, José Eustacio
_962434
245 1 3 _aLa vorágine /
_cJosé Eustacio Rivera.
260 _aChile :
_bBanco Colocadora Nacional de Valores,
_c1985.
300 _a191 p. ;
_c18 cm.
490 1 _aLos mejores libros de la literatura universal
490 1 _aErcilla
830 4 _aLos mejores libros de la literatura universal
_910647
830 0 _aErcilla
_962435
999 _c35789
_d35789